Lo que sucedió... / (Record no. 105668)

MARC details
000 -LEADER
campo de control de longitud fija 00623nam a2200181 i 4500
001 - NÚMERO DE CONTROL
campo de control 105668
003 - IDENTIFICADOR DE NÚMERO DE CONTROL
campo de control ES-MaACL
007 - CAMPO FIJO DE DESCRIPCIÓN FÍSICA--INFORMACIÓN GENERAL
campo de control de longitud fija t|
008 - DATOS DE LONGITUD FIJA--INFORMACIÓN GENERAL
campo de control de longitud fija 060803s1968 mx ||||1| spa d
080 ## - NÚMERO DE LA CLASIFICACIÓN DECIMAL UNIVERSAL
Número de la Clasificación Decimal Universal 821.134.2-31"19"
100 1# - ENTRADA PRINCIPAL--NOMBRE DE PERSONA
Nombre de persona Granell, Eugenio F.
9 (RLIN) 59617
245 10 - MENCIÓN DEL TÍTULO
Título Lo que sucedió... /
Mención de responsabilidad, etc. E. F. Granell ; [portada e ilustraciones del autor].
260 ## - PUBLICACIÓN, DISTRIBUCIÓN, ETC.
Lugar de publicación, distribución, etc. México :
Nombre del editor, distribuidor, etc. España Errante,
Fecha de publicación, distribución, etc. 1968.
300 ## - DESCRIPCIÓN FÍSICA
Extensión 423 p. ;
Dimensiones 21 cm.
500 ## - NOTA GENERAL
Nota general En port.: Novela ganadora del Premio "Don Quijote 1967"
500 ## - NOTA GENERAL
Nota general Biblioteca Juan Andrade.
852 ## - LOCALIZACIÓN
Ubicación ES-MaACL
Número de control de estantería AND-484
Sublocalización o colección R.109787
condición física . - Ded. autógr. del autor a Juan Andrade
Holdings
Estatus retirado Estado de pérdida Estado de daño No para préstamo Biblioteca de origen Biblioteca actual Ubicación en estantería Fecha de adquisición Fuente de adquisición Total de préstamos Signatura topográfica completa Código de barras Visto por última vez Precio de reemplazo Tipo de ítem Koha
        Biblioteca del Ateneo de Madrid Biblioteca del Ateneo de Madrid Depósito 2 17/01/2008     AND-484 1110320 23/02/2023 23/02/2023 Libro impreso